Unterwasserarchäologische Untersuchungen an slawischen Brücken in Mecklenburg-Vorpommern
| Titel: | Unterwasserarchäologische Untersuchungen an slawischen Brücken in Mecklenburg-Vorpommern |
|---|---|
| Verfasser: | |
| In: |
Schutz des Kulturerbes unter Wasser, (2000), Seite 337-343 alle Artikel anzeigen |
| Veröffentlicht: | 2000 |
| Format: | Aufsatz |
| Sprache: | Deutsch |
X
alg: 39146423 001A $01999:11-11-16 001B $01999:28-04-17 $t14:20:01.000 001D $01999:11-11-16 001U $0utf8 001X $00 002@ $0Aox 003@ $039146423X 007A $039146423X $aHEB 007T $0Herd35915 010@ $ager 011@ $a2000 021A $aUnterwasserarchäologische Untersuchungen an slawischen Brücken in Mecklenburg-Vorpommern 028A $aBleile $dRalf 031A $h337-343 $j2000 037A $aengl. Res., 341-342 039B $aIn $8--Aau--. Schutz des Kulturerbes unter Wasser. - Lübstorf : Archäologisches Landesmuseum Mecklenburg-Vorpommern, 2000. - 623 S.. - zahlr. Ill., graph. Darst., Kt. $x200000000000000663 $9098534580 lok: 39146423 78 exp: 39146423 78 1 #EPN 201B/01 $003-04-17 $t17:53:42.000 201U/01 $0utf8 203@/01 $0787558311 208@/01 $a11-11-16 $be 209A/01 $a/ $f000 $x00 220C/01 $aTitelaufnehmer: cs 244Z/01 $2Trx $#Pomeranija $#Pommern $#Pomoransko $#Pomořansko $#Hinterpommern;Vorpommern;Mittelpommern $#Pomorze Środkowe;Pomorze Przednie $#Pomořansko;Západní Pomořany; Pomořany $8--Trx--Pomorze Zachodnie $x01 $9391303775 244Z/01 $aGeschichte 800-1200 $x02 244Z/01 $2Trx $#arheoloogia põhjavesi $#povandeninė archeologija $#archaeology underwater $#régészet vízalatt $#archeologia podwodna $#archeológia podmorská $#archeologie podmořská $8--Trx--Archäologie$gUnterwasser $x03 $939137527X 244Z/01 $2Trx $#sillad $#tiltai $#bridges $#hidak $#mosty $#mosty $#mosty $8--Trx--Brücken $x04 $9391369490 244Z/01 $2Trx $8--Trx--Einzelbeiträge $x05 $9391384570 245Z/01 $a05.03 $x01 247C/01 $82080>Marburg/Lahn, Herder-Institut, Forschungsbibliothek, Bibliographieportal $9336309341
| LEADER | 00000caa a22000002c 4500 | ||
|---|---|---|---|
| 001 | 39146423X | ||
| 003 | DE-603 | ||
| 005 | 20170428142001.0 | ||
| 007 | tu | ||
| 008 | 161111s2000 xx |||| | u00||u|ger c | ||
| 035 | |a (DE-599)HEB39146423X | ||
| 040 | |a DE-603 |b ger |c DE-603 |d DE-603 | ||
| 041 | |a ger | ||
| 100 | 1 | |a Bleile, Ralf | |
| 245 | 0 | 0 | |a Unterwasserarchäologische Untersuchungen an slawischen Brücken in Mecklenburg-Vorpommern |
| 264 | 0 | |c 2000 | |
| 500 | |a engl. Res., 341-342 | ||
| 773 | 0 | 8 | |i In |t Schutz des Kulturerbes unter Wasser |d Lübstorf : Archäologisches Landesmuseum Mecklenburg-Vorpommern, 2000 |h 623 S., zahlr. Ill., graph. Darst., Kt. |g (2000), Seite 337-343 |w (DE-603)098534580 |
| 924 | 0 | |9 2080 |a (DE-603)787558311 |b DE-2080 |c HES |d d |g / | |


